000 01242cam a2200325 4500
001 4604550
003 OSt
005 20230704101638.0
008 690519s1969 enk b 101 0 eng
010 _a 76385702
015 _aB***
040 _aDLC
_cDLC
_dDLC
041 0 _aeng
_afre
043 _af------
082 0 0 _a340.52
_bGLU
111 2 _aInternational African Seminar,
_n8th,
_cHaile Sellassie I University,
_d1966.
245 1 0 _aIdeas and procedures in African customary law :
_bstudies presented and discussed at the Eighth International African Seminar at the Haile Sellassie I University, Addis Ababa, January 1966.
_cEdited by Max Gluckman, with an introduction by A. N. Allott, A. L. Epstein, and M. Gluckman.
260 _aLondon,
_bPublished for the International African Institute by the Oxford U.P.,
_c1969.
300 _axiii, 361 p.
_c23 cm.
350 _a55/-
500 _aEnglish or French.
504 _aIncludes bibliographies.
650 0 _aCustomary law
_zAfrica.
700 1 _aGluckman, Max,
_d1911-1975,
_eed.
710 2 _aInternational African Institute.
710 2 _aHaile Sellassie I University.
906 _a7
_bcbc
_corignew
_du
_encip
_f19
_gy-gencatlg
942 _2ddc
_cBK
999 _c3641
_d3641